000 00301nam a22001457a 4500
008 210519b ||||| |||| 00| 0 eng d
020 _a9780679756606
041 _aeng
080 _a070
082 _a070
100 _a41
101 _aMED
245 _aMaking Movies
_cLumet,S
942 _2udc
_cBK
999 _c57469
_d57469